00438pam a2200145a 44500008004100000020000900041041000800050082000900058100003300067245014500100250000600245260002300251300000900274650000900283230515b2003 xxu||||| |||| 00| 0 eng d aNULL aENG aN.D. aMs stincy Ms stella Ms seena aAn expioratory decriptive study on infant rearing practics and common health problems in infants of selected mothers residing in talzai slum a0 aNULLb", , "c2003 aNULL aNULL